Responses for show #7286 - Monday, April 25, 2016

Andrew Pau game 7.
Buzzy Cohen game 1.

Contestants

[<< previous game]

Buzzy Cohen, a music executive from Los Angeles, California

Jeanne Roper, a garden designer from Blacksburg, Virginia

Andrew Pau, an assistant professor from Amherst, Ohio (whose 6-day cash winnings total $170,202)

[next game >>]

Jeopardy! Round responses

SCIENCE UPDATE
I'M INNOCENT
DESCRIBING THE NOVEL
THE DAVY O'BRIEN QUARTERBACK AWARD
(Alex: We'll give you the winner, you give us the school.)
CHICKEN SOUP
FOR THE SOLE
    $200 6
pollinators

Buzzy
    $200 11
not guilty

Andrew
    $200 21
War and Peace

Jeanne
    $200 26
the University of Miami

Buzzy
    $200 1
dominoes

Andrew
    $200 16
Nike

Buzzy
    $400 7
adrenalin

Andrew
    $400 12
I-M-A-T-E

Buzzy
    $400 22
Go Set a Watchman

Jeanne
    $400 27
Oregon

Buzzy
    $400 2
Jamaica

Andrew
    $400 17
toe shoes

Jeanne
    $600 8
a meteorite

Andrew
    $600 13
impeccable

Andrew
    $600 23
Rabbit at Rest

Jeanne
    $600 28
Nebraska

Jeanne
    $600 3
Chicken Run

Buzzy
    $600 18
Zappos

Buzzy
    $800 9
Parkinson's

Triple Stumper
    $800 14
pure

Andrew
    $800 24
Absalom, Absalom!

Andrew
    $800 29
Clemson

Triple Stumper
    $800 4
Rhode Island

Jeanne
    $4,000 19
moccasins

Buzzy
    $1000 10
Washington

Andrew
    $1000 15
clear

Buzzy
    $1000 25
The Road

Jeanne
    $1000 30
(Buzzy: What is Michigan State?)

Ohio State

AndrewBuzzy
    $1000 5
Poland

Buzzy
    $1000 20
Pumps

Buzzy

Scores at the first commercial break (after clue 15):

Andrew Jeanne Buzzy
$4,200 $800 $3,200

Scores at the end of the Jeopardy! Round:

Andrew Jeanne Buzzy
$6,000 $4,000 $8,600

Double Jeopardy! Round responses

RALPH WALDO EMERSON
ASIAN FOOD
MY ROBOT PAL
MUSIC CITIES, USA
A ROYAL BRITISH LOCKUP
THE J-V SQUAD
(Alex: Each correct response will begin with the letter "J", and there will be a "V" following some--at some point.)
    $400 12
the Republican Party

Buzzy
    $400 7
a spring roll

Jeanne
    $400 18
Terminator

Andrew
    $400 6
Seattle

Andrew
    $400 1
the Tower of London

Jeanne
    $400 19
a javelin

Buzzy
    $800 14
Concord

Jeanne
    $800 8
silkworms

Andrew
    $800 24
Futurama

Buzzy
    $800 13
New Orleans

Jeanne
    $800 2
Charles I

Andrew
    $800 20
juvenile

Buzzy
    $1200 15
tuberculosis

Jeanne
    $1200 9
foo

Andrew
    $3,000 25
(Alex: It was reel number two, dialogue number two. You are right.)

R2-D2

Buzzy
    $1200 27
Austin

Buzzy
    $1200 3
Elizabeth I

Jeanne
    $1200 21
joie de vivre

Buzzy
    $1600 16
Unitarianism

Buzzy
    $1600 10
a pig

Jeanne
    $1600 26
Buck Rogers

Andrew
    $4,000 28
Las Vegas

Buzzy
    $1600 4
Eleanor of Aquitaine

Andrew
    $1600 22
jovial

Jeanne
    $2000 17
(John) Muir

Buzzy
    $2000 11
soba

Jeanne
    $2000 30
Aliens

Andrew
    $2000 29
Philadelphia

Buzzy
    $2000 5
Edward

Buzzy
    $2000 23
a joint venture

Andrew

Scores at the end of the Double Jeopardy! Round:

Andrew Jeanne Buzzy
$16,800 $14,000 $28,000

[wagering suggestions for these scores]

Final Jeopardy! Round responses

METAPHORICAL PHRASES
JeanneWhat is snake oil?
$13,995
AndrewWhat is snake oil?
$11,201
BuzzyWhat is snake oil?
$5,601
snake oil

Final scores:

Andrew Jeanne Buzzy
$28,001 $27,995 $33,601
2nd place: $2,000 3rd place: $1,000 New champion: $33,601

Game dynamics:

Coryat scores:

Andrew Jeanne Buzzy
$16,800 $14,000 $20,600
19 R,
0 W
16 R,
0 W
23 R
(including 3 DDs),
1 W

Combined Coryat: $51,400

The J! Archive is created by fans, for fans. The Jeopardy! game show and all elements thereof, including but not limited to copyright and trademark thereto, are the property of Jeopardy Productions, Inc. and are protected under law. This website is not affiliated with, sponsored by, or operated by Jeopardy Productions, Inc. Join the discussion at JBoard.tv.